| 000 | 00858nam a2200181Ia 4500 | ||
|---|---|---|---|
| 005 | 20250423100119.0 | ||
| 008 | 250422s9999 xx 000 0 und d | ||
| 020 | _a9780517561 | ||
| 050 | _aP 95.82.N6 .D47/ | ||
| 100 | _aEdited by Des Wilson, Ph.D. | ||
| 245 | 0 | _aMass media and the electoral process in Nigeria | |
| 260 | _aNigeria | ||
| 260 | _bAfrican Council for Communication Education, | ||
| 260 | _c2016 | ||
| 300 | _a268 p | ||
| 650 | _aMass media--Political aspects--Nigeria. Mass media--Social aspects--Nigeria. Mass media and culture--Nigeria. Mass media and public opinion--Nigeria. Communication--Political aspects--Nigeria. Elections--Nigeria--In mass media. Women--Political activity--Press coverage--Nigeria. Elections--Citizen participation--Press coverage--Nigeria. Nigeria--Politics and government--21st century. | ||
| 942 | _cBK | ||
| 999 |
_c32327 _d32327 |
||